Bratislava MČ Ružinov - Lokalita Pošeň Nové centrum /

Guardado en:
Detalles Bibliográficos
Otros Autores: Štefancová, Lucia 1985 (Editor), Görner, Karol, 1987- (Editor), Joklová, Viera, 1963- (Revisador), Komrska, Jan (Revisador)
Formato: Libro
Lenguaje:eslovaco
Publicado: Bratislava : SPEKTRUM STU, 2018
Edición:1. vydanie
Materias:
Etiquetas: Agregar Etiqueta
Sin Etiquetas, Sea el primero en etiquetar este registro!

MARC

LEADER 00000nam a22000003a 4500
001 0065967
003 SK-STU
005 20230214101036.6
007 ta
008 180702s ----xo-----e------100-0-----d
020 |a 978-80-227-4810-0 
035 |a biblio/63133  |2 CREPC2 
040 |a STU  |b slo 
041 0 |a slo 
044 |a xo 
242 0 1 |a Bratislava City District Ružinov Locality Pošeň The New Center 
245 1 0 |a Bratislava MČ Ružinov - Lokalita Pošeň Nové centrum /  |c ed. Lucia Štefancová, Karol Görner 
250 |a 1. vydanie 
260 |a Bratislava :  |b SPEKTRUM STU,  |c 2018 
300 |a 128 s. ;  |b 200 ks 
650 4 |a urbanizmus a územné plánovanie 
650 4 |a Bratislava-Ružinov 
650 4 |a mestská zóna 
650 4 |a študentské projekty 
700 1 |a Štefancová, Lucia  |d 1985  |u 056160  |r Z1  |4 edt  |9 50  |U FAD Fakulta architektúry  |T FA Ústav urbanizmu a územného plánovania  |X 27281  |U A6160  |Y 397  |7 A000027281 
700 1 |a Görner, Karol,  |d 1987-  |u 056160  |r Z1  |4 edt  |9 50  |U FAD Fakulta architektúry  |T FA Ústav urbanizmu a územného plánovania  |X 48912  |U A6160  |Y 397  |7 A000048912 
700 1 |a Joklová, Viera,  |d 1963-  |u 059200  |r Z1  |4 rev  |U FAD Fakulta architektúry  |T FA Ústav výtvarnej tvorby a multimédií  |X 378  |U A9200  |Y 821  |7 A000000378 
700 1 |a Komrska, Jan  |4 rev 
996 |b 284AU07590  |c A* 10839/U  |l AAKNST  |s P  |a 0  |w 0065967_0001 
996 |b 284AU07591  |c A* 10840/U  |l AAKNAR  |s A  |a 24  |w 0065967_0002 
996 |b 284AU07592  |c A* 10841/U  |l AAKNAR  |s A  |a 24  |w 0065967_0003 
996 |b 284AU07593  |c A* 10842/U  |l AAKNAR  |s A  |a 24  |w 0065967_0004